|
|
|
|
| LEADER |
00000nam0a2200000 4500 |
| 001 |
152475 |
| 005 |
20231101221625.0 |
| 010 |
|
|
|a 9785922109888
|
| 035 |
|
|
|a (RuTPU)RU\TPU\book\165311
|
| 090 |
|
|
|a 152475
|
| 100 |
|
|
|a 20090202d2008 km y0rusy50 ca
|
| 101 |
0 |
|
|a rus
|
| 102 |
|
|
|a RU
|
| 105 |
|
|
|a a z 001zy
|
| 200 |
1 |
|
|a Физические и химические основы нанотехнологий
|f Н. Г. Рамбиди, А. В. Березкин
|
| 210 |
|
|
|a Москва
|c Физматлит
|d 2008
|
| 215 |
|
|
|a 455 с.
|c ил.
|
| 320 |
|
|
|a Библиогр.: с. 448-454.
|
| 330 |
|
|
|a В доступной для широкого круга читателей форме рассматриваются история возникновения, основные направления и физико-химические принципы современных нанотехнологий, включая планарную технологию, супрамолекулярную химию, молекулярную электронику, получение наночастиц и наноструктурированных материалов. Подробно обсуждаются два основных пути создания наноматериалов: «снизу-вверх» и «сверху-вниз», а также методы изучения наноструктур и влияния размерных эффектов на их свойства. В основу книги положен курс лекций, которые в течение нескольких лет читаются одним из авторов на кафедре физики полимеров и кристаллов физического факультета Московского государственного университета.
|
| 606 |
1 |
|
|a Нанотехнология
|2 stltpush
|3 (RuTPU)RU\TPU\subj\51510
|9 70088
|
| 610 |
1 |
|
|a нанотехнологии
|
| 610 |
1 |
|
|a молекулы
|
| 610 |
1 |
|
|a миниатюризация
|
| 610 |
1 |
|
|a самосборка
|
| 610 |
1 |
|
|a самоорганизация
|
| 610 |
1 |
|
|a неорганические наноструктурированные материалы
|
| 610 |
1 |
|
|a полимерные наноструктурированные материалы
|
| 610 |
1 |
|
|a блок-сополимеризация
|
| 610 |
1 |
|
|a полимерные макромолекулярные системы
|
| 610 |
1 |
|
|a топология
|
| 610 |
1 |
|
|a супермолекулы
|
| 610 |
1 |
|
|a супрамолекулярная химия
|
| 610 |
1 |
|
|a молекулярные системы
|
| 610 |
1 |
|
|a макроскопическое управление
|
| 610 |
1 |
|
|a перспективы
|
| 610 |
1 |
|
|a зарубежный опыт
|
| 610 |
1 |
|
|a Россия
|
| 675 |
|
|
|a 620.3
|v 3
|
| 700 |
|
1 |
|a Рамбиди
|b Н. Г.
|g Николай Георгиевич
|
| 701 |
|
1 |
|a Березкин
|b А. В.
|g Анатолий Викторович
|
| 801 |
|
1 |
|a RU
|b 63413507
|c 20090202
|g PSBO
|
| 801 |
|
2 |
|a RU
|b 63413507
|c 20201119
|g PSBO
|
| 900 |
|
|
|a Физика и химия наноматериалов
|
| 942 |
|
|
|c BK
|
| 959 |
|
|
|a 14/20090130
|d 5
|e 706,20
|f АНЛ:1
|f ЧЗТЛ:2
|f УФ:2
|
| 959 |
|
|
|a 71/20090615
|d 3
|e 770,00
|f АНЛ:1
|f ЧЗТЛ:2
|